Faithless Elector - Statistics

General Stats
  • This quiz has been taken 159 times
    151 since last reset
  • The average score is 20 of 22
Answer Stats
# of Faithless Electors Election Year Eventual President % Correct
7 2016 Donald Trump
100%
1 2004 George W. Bush
98%
1 2000 George W. Bush
97%
1 1960 John F. Kennedy
96%
1 1972 Richard Nixon
96%
1 1976 Jimmy Carter
96%
1 1988 George H. W. Bush
96%
1 1956 Dwight Eisenhower
95%
1 1968 Rchard Nixon
95%
1 1948 Harry Truman
94%
8 1912 Woodrow Wilson
93%
7 1828 Andrew Jackson
88%
63 1872 Ulysses S. Grant
88%
32 1832 Andrew Jackson
87%
23 1836 Martin Van Buren
87%
4 1896 William McKinley
87%
1 1800 Thomas Jefferson
86%
4 1812 James Madison
86%
1 1892 Grover Cleveland
86%
6 1808 James Madison
85%
1 1820 James Monroe
85%
18 1796 John Adams
84%
No matching quizzes found
Score Distribution
Percent of People with Each Score
Percentile by Number Answered
Your Score History
You have not taken this quiz since the last reset